00891nac a22002411u 4500010001300000020002800013082001800041090001500059100003400074245010700108260004900215300002700264500001400291500003400305504005100339650003600390700002900426700002600455710002700481942002000508999001500528952010600543 a74028124 a0815759843.a081575983500a336.185bN274 c1853d1853 aNathan, Richard P. 10aMonitoring revenue sharing /cRichard P. Nathan, Allen D. Manvel, Susannah E. Calkins, and associates. aWashington :bBrookings Institution,c[1975] axxii, 394 p. ;c24 cm. aDonations aDonations - Dr. Mostafa Gouda aIncludes bibliographical references and index. 0aRevenue sharingzUnited States.1 aManvel, Allen D.,d1912-1 aCalkins, Susannah E.,2 aBrookings Institution. cBBk336.185N274 c1853d1853 00104070aMAINbMAINc1STd2006-12-19ePurchasel0o336.185 NATp000002464r2025-07-15 00:00:00yBB